Principes et fonctionnement des ecosystemes cultives en semis direct sur couverture vegetale permanente (Record no. 9507)

000 -LEADER
fixed length control field 00328nam a22001217a 4500
040 ## - CATALOGING SOURCE
Transcribing agency SK
082 ## - DEWEY DECIMAL CLASSIFICATION NUMBER
Classification number 631
100 ## - MAIN ENTRY--AUTHOR NAME
Personal name ជួង សុផល
245 ## - TITLE STATEMENT
Title Principes et fonctionnement des ecosystemes cultives en semis direct sur couverture vegetale permanente
260 ## - PUBLICATION, DISTRIBUTION, ETC. (IMPRINT)
Place of publication RUA
Name of publisher ជួង
Year of publication 2009
300 ## - PHYSICAL DESCRIPTION
Number of Pages 16p.
942 ## - ADDED ENTRY ELEMENTS (KOHA)
Koha item type សៀវភៅភាសាអង់គ្លេស
952 ## - LOCATION AND ITEM INFORMATION (KOHA)
Withdrawn status [LOCAL, KOHA] 0
Holdings
Permanent Location Date acquired Koha item type Lost status Shelving location Barcode Current Location Full call number
Library Block C2016-09-02សៀវភៅភាសាអង់គ្លេស C261RUA045225Library Block C631 ជួង 2009 C261
មជ្ឈមណ្ឌលឯការនៃសាកលវិទ្យាល័យភូមិន្ទកសិកម្មចំការដូង

Powered by Koha